Catálogo

EL ESPIRITU DEL LIDERAZGO : (Registro nro. 39164)

Detalles MARC
000 -LEADER
fixed length control field 00759nam a2200217 a 4500
001 - CONTROL NUMBER
control field 39164
005 - DATE AND TIME OF LATEST TRANSACTION
control field 20180714012635.0
008 - FIXED-LENGTH DATA ELEMENTS--GENERAL INFORMATION
fixed length control field 140415s2001 nq 000 0 spa d
020 ## - INTERNATIONAL STANDARD BOOK NUMBER
International Standard Book Number 9706136371
041 ## - LANGUAGE CODE
Language code of text/sound track or separate title spa
082 ## - DEWEY DECIMAL CLASSIFICATION NUMBER
Classification number 658.4092
Item number OWE
100 1# - MAIN ENTRY--PERSONAL NAME
Personal name OWEN, HARRISON
245 13 - TITLE STATEMENT
Title EL ESPIRITU DEL LIDERAZGO :
Remainder of title LIBERAR AL LIDER QUE VIVE DENTRO DE CADA UNO DE NOSOTROS
250 ## - EDITION STATEMENT
Edition statement 1a ed.
260 ## - PUBLICATION, DISTRIBUTION, ETC.
Place of publication, distribution, etc. NICARAGUA :
Name of publisher, distributor, etc. OXFORD UNIVERSITY PRESS MEXICO,
Date of publication, distribution, etc. 2001
300 ## - PHYSICAL DESCRIPTION
Extent 146
Dimensions x 16 x 24
520 ## - SUMMARY, ETC.
Summary, etc. CONSEJOS SENCILLOS ACERTADOS PARA GERENTES, LIDERES Y LIDERES EN GESTACIÓN EN UN MUNDO CADA VEZ MÁS TURBULENTO.
650 14 - SUBJECT ADDED ENTRY--TOPICAL TERM
Topical term or geographic name entry element LIDERAZGO
700 1# - ADDED ENTRY--PERSONAL NAME
Personal name GUTÉRREZ SABUTIR, NURIA YÉSSICA
Relator term tr.
740 ## - ADDED ENTRY--UNCONTROLLED RELATED/ANALYTICAL TITLE
Uncontrolled related/analytical title the spirit of leadership
Existencias
Withdrawn status Lost status Source of classification or shelving scheme Damaged status Not for loan Collection code Home library Current library Shelving location Date acquired Source of acquisition Inventory number Total Checkouts Full call number Barcode Date last seen Date last checked out Price effective from Koha item type
    Dewey Decimal Classification     General Biblioteca Karol Wojtyla Biblioteca Karol Wojtyla Sala general 03/12/2013 Compra 151000000000000000013780   658.4092 OWE 58857 05/01/2026 01/07/2016 03/12/2013 Libro